| Поле | Название | Значение |
| |
Тип записи |
a |
| |
Библиографический уровень |
m |
| 001 |
Контрольный номер |
RU\infra-m\znanium\bibl\2237277 |
| 005 |
Дата корректировки |
20260429142107.6 |
| 008 |
Кодируемые данные |
260120s2025 RU g rus u |
| 020 |
Индекс ISBN |
__ |
| a |
ISBN |
978-5-00139-950-6 |
| 040 |
Источник каталогиз. |
__ |
| a |
Служба первич. каталог. |
Общество с ограниченной ответственностью «ЗНАНИУМ» |
| 041 |
Код языка издания |
__ |
| a |
Код языка текста |
rus |
| 044 |
Код страны публикации |
__ |
| a |
Код страны публикации |
RU |
| 080 |
Индекс УДК |
__ |
| a |
Индекс УДК |
911 |
| 084 |
Индекс другой классификации/Индекс ББК |
__ |
| 2 |
Источник индекса |
rubbk |
| a |
Индекс другой классификации/Индекс ББК |
268 |
| 100 |
Автор |
__ |
| a |
Автор |
Пайсинг М. |
| q |
Полное имя |
Пайсинг Марк |
| 245 |
Заглавие |
__ |
| a |
Заглавие |
Крушение «Италии»: История арктической экспедиции Умберто Нобиле |
| b |
Продолж. заглавия |
Научно-популярная литература |
| 250 |
Сведения об издании |
__ |
| a |
Основные сведения об издании |
1 |
| 260 |
Выходные данные |
__ |
| a |
Место издания |
Москва |
| b |
Издательство |
ООО "Альпина нон-фикшн" |
| c |
Дата издания |
2026 |
| 300 |
Физическое описание |
__ |
| a |
Объем |
408 с. |
| 520 |
Аннотация |
__ |
| a |
Аннотация |
24 мая 1928 года с триумфом возвращавшийся с Северного полюса исследовательский дирижабль «Италия» попал в бурю и разбился во льдах. После его исчезновения весь мир затаив дыхание несколько недель следил за крупнейшей в истории изучения Арктики спасательной операцией. Первым сигнал радиостанции выживших полярников сумел поймать советский радиолюбитель Николай Шмидт. Это произошло 3 июня. Прославленный покоритель полюсов Руаль Амундсен помогавший вести поиски вскоре сам пропал в ледяной пустыне. 23 июня шведский летчик сумел вывезти со льдины руководителя экспедиции Умберто Нобиле и только в июле остальных полярников спас советский ледокол «Красин». Соединяя свидетельства потерпевших крушение и тех кто пришел им на помощь автор книги рассказывает захватывающую историю катастрофы героических поисков и спасения произошедшую когда блеск и безграничная отвага эпохи дирижаблей столкнулись с суровой реальностью Арктики. |
| 521 |
Примеч. о цел. назн. |
__ |
| a |
Примеч. о целев. назн. |
Дополнительное образование |
| 650 |
Тематические рубрики |
__ |
| a |
Основная рубрика |
Науки о Земле. Экология |
| x |
Основная подрубрика |
Географические открытия. Путешествия и экспедиции |
| 655 |
Указ. предметных рубрик (устаревшее) |
__ |
| a |
Жанр/ форма (устаревшее) |
Научно-популярная литература |
| 856 |
Электронный адрес документа |
4_ |
| a |
Имя сервера/домена |
znanium.ru |
| m |
Помощь |
ebs_support@infra-m.ru |
| n |
Местонахождение сервера |
НИЦ ИНФРА-М |
| u |
URL |
https://znanium.ru/catalog/document?id=475076 |
| 856 |
Электронный адрес документа |
48 |
| a |
Имя сервера/домена |
znanium.ru |
| d |
Путь |
/cover/2237 |
| f |
Электронное имя |
2237277.jpg |
| q |
Тип электронного формата |
image/jpeg |
| u |
URL |
https://znanium.ru/cover/2237/2237277.jpg |
| 911 |
|
__ |
| u |
|
0030=https://znanium.ru/catalog/document?id=475076 |